000 003340000a22001450004500
003 MACL
040 _aMACL
090 _c31389
_d31387
100 _aSrirengan, K
245 _aUnderstanding UNIX
260 _bPrentice Hall of India Private Ltd
_c2002
350 _a125
650 _aComputer Programming
942 _cBOOK
_k005.382/SRI
999 _c31074
_d31074